000 00334nam a2200133Ia 4500
008 240624s9999 xx 000 0 und d
041 _aeng
082 _a658.8342 MOS
100 _aMOSS GLORIA
245 _aPERSONALITY DESIGN AND MARKETING MATCHIN
260 _c2017
_aNew Delhi
_bRoutledge
300 _a128 : p.
365 _cBPS
_b31
999 _c28772
_d28772